000 00694nam a2200253Ia 4500
003 OSt
005 20220918210326.0
006 a|||||r|||| 00| 0
007 ta
008 220917b |||||||| |||| 00| 0 eng d
024 _a120,026
037 _cTextual
040 _aARTS
_cARTS
_beng
041 _2eng
_aeng
082 _aV73:28wL57,1, L3
100 _aKline Mary JO ed
_9117796
245 0 _aAlexander Hamilton
_b a biography in his own words
260 _aNew York
_bNewsweek
_c1973
300 _a411p. illus
_ccm.
490 _aFounding fathers
650 _aHISTORY
942 _hV73:28wL57,1, L3
_cTEXL
_2CC
999 _c243284
_d243284